[Event "RM-2022-0-00253"]
[Site "LSS email"]
[Date "2022.01.11"]
[Round "?"]
[White "Perez Pupo, Juan Rafael"]
[Black "Sorcinelli, Andrea"]
[Result "1/2-1/2"]
[WhiteElo "2328"]
[BlackElo "2333"]
[PlyCount "53"]
[EventDate "2021.12.25"]
[EventType "tourn (corr)"]
[EventRounds "6"]
[EventCountry "GER"]
[SourceTitle "Corr 2024"]
[Source "ChessBase"]
[SourceDate "2023.10.19"]
[SourceVersion "1"]
[SourceVersionDate "2023.10.19"]
[SourceQuality "1"]

1. d4 d5 2. c4 e6 3. Nf3 Nf6 4. Nc3 c5 5. cxd5 Nxd5 6. e4 Nxc3 7. bxc3 cxd4 8. cxd4 Bb4+ 9. Bd2 Bxd2+ 10. Qxd2 0-0 11. Bc4 Nd7 12. 0-0 b6 13. Rfe1 Bb7 14. Rad1 Nf6 15. d5 exd5 16. exd5 Qd6 17. Nd4 Qd7 18. Nc2 Rac8 19. Ne3 Ne4 20. Qd4 Nd6 21. Bd3 Rc5 22. Qf4 Qc7 23. Re2 Bc8 24. Rc2 Rxc2 25. Bxc2 Bd7 26. g4 Rc8 27. Rc1 1/2-1/2

[Event "RM-2021-0-00246"]
[Site "LSS email"]
[Date "2021.11.04"]
[Round "?"]
[White "Enev, Zlatko"]
[Black "Perez Pupo, Juan Rafael"]
[Result "1/2-1/2"]
[WhiteElo "2388"]
[BlackElo "2324"]
[PlyCount "71"]
[EventDate "2021.06.19"]
[EventType "tourn (corr)"]
[EventRounds "6"]
[EventCountry "GER"]
[SourceTitle "Corr 2024"]
[Source "ChessBase"]
[SourceDate "2023.10.19"]
[SourceVersion "1"]
[SourceVersionDate "2023.10.19"]
[SourceQuality "1"]

1. Nf3 Nf6 2. c4 e6 3. g3 d5 4. Bg2 Be7 5. b3 0-0 6. 0-0 c5 7. cxd5 Nxd5 8. Bb2 Nc6 9. d4 cxd4 10. Nxd4 Nxd4 11. Qxd4 Bf6 12. Qd2 Bd7 13. Bxf6 Qxf6 14. Bxd5 exd5 15. Rd1 Rac8 16. Na3 Rfe8 17. Nc2 h5 18. Nd4 Re5 19. Rac1 Rce8 20. Rc7 Bc6 21. Qf4 Qxf4 22. gxf4 Rxe2 23. Nxe2 Rxe2 24. a4 Re4 25. f5 Rf4 26. Kg2 Rxf5 27. Rd4 Kf8 28. b4 Ke8 29. Rc8+ Kd7 30. Rg8 Rg5+ 31. Kf3 Bxa4 32. Kf4 Rg2 33. Rxd5+ Ke6 34. Ra5 Bd7 35. Rxa7 Bc6 36. b5 1/2-1/2

[Event "RM-2021-0-00246"]
[Site "LSS email"]
[Date "2021.11.04"]
[Round "?"]
[White "Perez Pupo, Juan Rafael"]
[Black "Sorcinelli, Andrea"]
[Result "1/2-1/2"]
[WhiteElo "2324"]
[BlackElo "2367"]
[PlyCount "68"]
[EventDate "2021.06.19"]
[EventType "tourn (corr)"]
[EventRounds "6"]
[EventCountry "GER"]
[SourceTitle "Corr 2024"]
[Source "ChessBase"]
[SourceDate "2023.10.19"]
[SourceVersion "1"]
[SourceVersionDate "2023.10.19"]
[SourceQuality "1"]

1. d4 Nf6 2. c4 e6 3. Nf3 d5 4. Nc3 Bb4 5. cxd5 exd5 6. Bg5 Nbd7 7. e3 c5 8. Bd3 Qa5 9. Qc2 c4 10. Bf5 0-0 11. 0-0 Re8 12. Nd2 g6 13. Bxd7 Nxd7 14. f3 Bf8 15. a3 Nb6 16. e4 Bg7 17. Be3 Be6 18. e5 Nc8 19. f4 Bf5 20. Qd1 Ne7 21. Rf2 Bd7 22. a4 Nf5 23. Nf1 f6 24. g4 Nxe3 25. Nxe3 fxe5 26. dxe5 Rad8 27. Qxd5+ Qxd5 28. Ncxd5 Bc6 29. Rd2 Kf7 30. Rdd1 Bxd5 31. Rxd5 Rxd5 32. Nxd5 g5 33. Ne3 c3 34. bxc3 gxf4 1/2-1/2

[Event "ST-2021-0-00201"]
[Site "LSS email"]
[Date "2021.10.15"]
[Round "?"]
[White "Perez Pupo, Juan Rafael"]
[Black "Class, Wolfgang"]
[Result "1/2-1/2"]
[WhiteElo "2324"]
[BlackElo "2388"]
[PlyCount "46"]
[EventDate "2021.08.18"]
[EventType "tourn (corr)"]
[EventRounds "6"]
[EventCountry "GER"]
[SourceTitle "Corr 2024"]
[Source "ChessBase"]
[SourceDate "2023.10.19"]
[SourceVersion "1"]
[SourceVersionDate "2023.10.19"]
[SourceQuality "1"]

1. d4 Nf6 2. c4 e6 3. Nf3 d5 4. g3 Bb4+ 5. Bd2 Be7 6. Bg2 0-0 7. 0-0 c6 8. Qc2 Nbd7 9. Rd1 b6 10. Bf4 Bb7 11. Nc3 dxc4 12. Nd2 Nd5 13. Nxc4 Nxf4 14. gxf4 Qc7 15. e3 Rad8 16. Rac1 c5 17. d5 exd5 18. Nxd5 Bxd5 19. Rxd5 b5 20. Ne5 Nxe5 21. Rxe5 Bd6 22. Rd5 Be7 23. Re5 Bd6 1/2-1/2

[Event "ST-2021-0-00201"]
[Site "LSS email"]
[Date "2021.10.15"]
[Round "?"]
[White "Perez Pupo, Juan Rafael"]
[Black "Willmann, Bernd"]
[Result "1/2-1/2"]
[WhiteElo "2324"]
[BlackElo "2357"]
[PlyCount "58"]
[EventDate "2021.08.18"]
[EventType "tourn (corr)"]
[EventRounds "6"]
[EventCountry "GER"]
[SourceTitle "Corr 2024"]
[Source "ChessBase"]
[SourceDate "2023.10.19"]
[SourceVersion "1"]
[SourceVersionDate "2023.10.19"]
[SourceQuality "1"]

1. e4 c5 2. Nf3 d6 3. d4 cxd4 4. Nxd4 Nf6 5. Nc3 a6 6. Be3 e5 7. Nb3 Be6 8. f3 h5 9. Nd5 Bxd5 10. exd5 g6 11. Qd2 Nbd7 12. Be2 Bg7 13. 0-0 b6 14. c4 a5 15. Rae1 0-0 16. Kh1 Nc5 17. Nxc5 bxc5 18. Bd1 Nh7 19. b3 f5 20. Bc2 Bf6 21. g3 Ng5 22. h4 Nf7 23. Re2 Kg7 24. Qe1 Re8 25. Bd2 Rh8 26. Rh2 Nh6 27. Rg1 Rh7 28. Rf2 Rh8 29. Rh2 Kf7 1/2-1/2

[Event "ST-2021-0-00201"]
[Site "LSS email"]
[Date "2021.10.15"]
[Round "?"]
[White "Szczepanski, Zbigniew"]
[Black "Perez Pupo, Juan Rafael"]
[Result "1/2-1/2"]
[WhiteElo "2398"]
[BlackElo "2324"]
[PlyCount "51"]
[EventDate "2021.08.18"]
[EventType "tourn (corr)"]
[EventRounds "6"]
[EventCountry "GER"]
[SourceTitle "Corr 2024"]
[Source "ChessBase"]
[SourceDate "2023.10.19"]
[SourceVersion "1"]
[SourceVersionDate "2023.10.19"]
[SourceQuality "1"]

1. d4 d5 2. c4 c6 3. cxd5 cxd5 4. Bf4 Nc6 5. e3 Nf6 6. Nc3 a6 7. Nf3 Bg4 8. h3 Bxf3 9. Qxf3 e6 10. Bd3 Bd6 11. Bg5 Be7 12. Rc1 0-0 13. h4 Rc8 14. g3 h6 15. Bxf6 Bxf6 16. 0-0 g6 17. h5 g5 18. Bb1 Bg7 19. Na4 Rc7 20. Nc5 Qe7 21. Qe2 Rfc8 22. Kg2 Na5 23. b3 b6 24. Nd3 Rxc1 25. Nxc1 Qa3 26. Qd2 1/2-1/2

[Event "ST-2021-0-00179"]
[Site "LSS email"]
[Date "2021.02.01"]
[Round "?"]
[White "Pascual Perez, Norge"]
[Black "Perez Pupo, Juan Rafael"]
[Result "1/2-1/2"]
[WhiteElo "2447"]
[BlackElo "2308"]
[PlyCount "93"]
[EventDate "2020.12.29"]
[EventType "tourn (corr)"]
[EventRounds "6"]
[EventCountry "GER"]
[SourceTitle "Corr 2024"]
[Source "ChessBase"]
[SourceDate "2023.10.19"]
[SourceVersion "1"]
[SourceVersionDate "2023.10.19"]
[SourceQuality "1"]

1. e4 d6 2. d4 Nf6 3. Nc3 g6 4. Be3 Bg7 5. Qd2 c6 6. Nf3 b5 7. Bd3 Nbd7 8. Ne2 e5 9. dxe5 dxe5 10. a4 0-0 11. axb5 cxb5 12. Ng3 Ng4 13. Bxb5 Nxe3 14. Qxe3 Rb8 15. Bc4 Nb6 16. Bd3 a5 17. b3 Bd7 18. 0-0 a4 19. Rfc1 Qf6 20. Nf1 Rfc8 21. Rcb1 Qd6 22. h4 axb3 23. Rxb3 Be6 24. Rbb1 Nc4 25. Qc1 Rxb1 26. Qxb1 h6 27. h5 gxh5 28. Ng3 Bg4 29. Nh4 Qc7 30. Ngf5 Nd6 31. Nxg7 Kxg7 32. Qb4 Ne8 33. g3 Nf6 34. Ra6 Be6 35. Kf1 Qd8 36. Qd6 Qxd6 37. Rxd6 Nd7 38. Ke2 Nc5 39. Ke3 Ra8 40. Rc6 Ra5 41. Rb6 Bd7 42. Rd6 Be6 43. Rb6 Bd7 44. Rb2 Ra3 45. Nf3 f5 46. Nd2 Ra1 47. Nb3 1/2-1/2

[Event "ST-2021-0-00179"]
[Site "LSS email"]
[Date "2021.01.31"]
[Round "?"]
[White "Perez Pupo, Juan Rafael"]
[Black "Wosch, Arkadiusz"]
[Result "1/2-1/2"]
[WhiteElo "2308"]
[BlackElo "2344"]
[PlyCount "79"]
[EventDate "2020.12.29"]
[EventType "tourn (corr)"]
[EventRounds "6"]
[EventCountry "GER"]
[SourceTitle "Corr 2024"]
[Source "ChessBase"]
[SourceDate "2023.10.19"]
[SourceVersion "1"]
[SourceVersionDate "2023.10.19"]
[SourceQuality "1"]

1. d4 Nf6 2. c4 e6 3. Nf3 d5 4. Nc3 c6 5. Bg5 dxc4 6. e4 b5 7. e5 h6 8. Bh4 g5 9. Nxg5 hxg5 10. Bxg5 Nbd7 11. g3 Bb7 12. exf6 c5 13. d5 Qb6 14. Bg2 0-0-0 15. 0-0 b4 16. Na4 Qa6 17. a3 Bxd5 18. Bxd5 Ne5 19. axb4 Rxd5 20. Qe2 cxb4 21. Nc3 Qd6 22. Nxd5 Qxd5 23. f3 Nd3 24. Be3 Bc5 25. Bxc5 Qxc5+ 26. Kh1 Rd8 27. Ra4 Rd5 28. Rfa1 c3 29. bxc3 b3 30. Rf1 a5 31. c4 Rd8 32. h4 Qf5 33. g4 Qxf6 34. Rxa5 Qxh4+ 35. Qh2 Qxh2+ 36. Kxh2 b2 37. Rb5 Kc7 38. Kg3 Rd4 39. Rd1 e5 40. Rxd3 1/2-1/2

[Event "ZH-2020-0-01873"]
[Site "LSS email"]
[Date "2020.12.17"]
[Round "?"]
[White "Cvak, Rudolf"]
[Black "Perez Pupo, Juan Rafael"]
[Result "1/2-1/2"]
[WhiteElo "2323"]
[BlackElo "2301"]
[PlyCount "59"]
[EventDate "2020.12.06"]
[EventType "match (corr)"]
[EventRounds "2"]
[EventCountry "GER"]
[SourceTitle "Corr 2022"]
[Source "ChessBase"]
[SourceDate "2021.10.24"]
[SourceVersion "1"]
[SourceVersionDate "2021.10.24"]
[SourceQuality "1"]

1. e4 c6 2. d4 d5 3. e5 Bf5 4. h4 h5 5. Bd3 Bxd3 6. Qxd3 e6 7. Bg5 Qb6 8. Nd2 c5 9. c4 Qxb2 10. Rd1 Nc6 11. Ngf3 Nb4 12. Qe2 cxd4 13. 0-0 d3 14. Qe3 Qa3 15. cxd5 Nxd5 16. Qe4 Qa6 17. Nc4 Bc5 18. Rxd3 Rc8 19. Rc1 Nge7 20. Bxe7 Kxe7 21. Ng5 Rhf8 22. Rc2 Qa4 23. Rf3 Rc7 24. Nxf7 b5 25. Qg6 bxc4 26. Nd6 Rxf3 27. Qxg7+ Kd8 28. Qh8+ Ke7 29. Qh7+ Kd8 30. Qh8+ 1/2-1/2

[Event "SM-2020-0-00430"]
[Site "LSS email"]
[Date "2020.07.06"]
[Round "?"]
[White "Bordenave, Roberto"]
[Black "Perez Pupo, Juan Rafael"]
[Result "1/2-1/2"]
[WhiteElo "2237"]
[BlackElo "2294"]
[PlyCount "58"]
[EventDate "2020.04.19"]
[EventType "tourn (corr)"]
[EventRounds "6"]
[EventCountry "GER"]
[SourceTitle "Corr 2022"]
[Source "ChessBase"]
[SourceDate "2021.10.24"]
[SourceVersion "1"]
[SourceVersionDate "2021.10.24"]
[SourceQuality "1"]

1. d4 Nf6 2. Nf3 d5 3. c3 Bf5 4. Qb3 Qc8 5. Bg5 Nbd7 6. e3 e6 7. c4 c6 8. Nc3 Bd6 9. Nh4 Bg6 10. Be2 dxc4 11. Qxc4 Qc7 12. g3 b5 13. Qb3 b4 14. Nxg6 hxg6 15. Na4 c5 16. Rc1 Rc8 17. Bf4 Bxf4 18. exf4 Qa5 19. Nxc5 Nxc5 20. dxc5 Rxc5 21. 0-0 0-0 22. Rcd1 Qb6 23. Rd4 a5 24. Rfd1 Rfc8 25. Kg2 Rc2 26. Bf3 Qc5 27. a3 bxa3 28. Qxa3 Qb6 29. R1d2 Kh7 1/2-1/2

[Event "SM-2020-0-00430"]
[Site "LSS email"]
[Date "2020.07.06"]
[Round "?"]
[White "Perez Pupo, Juan Rafael"]
[Black "Nowak, Ireneusz"]
[Result "1/2-1/2"]
[WhiteElo "2294"]
[BlackElo "2157"]
[PlyCount "75"]
[EventDate "2020.04.19"]
[EventType "tourn (corr)"]
[EventRounds "6"]
[EventCountry "GER"]
[SourceTitle "Corr 2022"]
[Source "ChessBase"]
[SourceDate "2021.10.24"]
[SourceVersion "1"]
[SourceVersionDate "2021.10.24"]
[SourceQuality "1"]

1. d4 Nf6 2. c4 e6 3. Nf3 d5 4. Nc3 Be7 5. Bg5 h6 6. Bh4 0-0 7. e3 b6 8. Be2 Bb7 9. Bxf6 Bxf6 10. cxd5 exd5 11. b4 c6 12. 0-0 a5 13. b5 c5 14. Ne5 cxd4 15. exd4 Bxe5 16. dxe5 Nd7 17. f4 Nc5 18. Na4 f6 19. Bf3 Rc8 20. Nxc5 bxc5 21. Rc1 Kh8 22. Qe2 Qe7 23. e6 c4 24. f5 c3 25. Qd3 Qc5+ 26. Kh1 Rfd8 27. Rfd1 Qb4 28. h3 Ba8 29. b6 Qxb6 30. Rxc3 Rxc3 31. Qxc3 d4 32. Qd3 Bxf3 33. Qxf3 d3 34. a4 Kh7 35. e7 Re8 36. Qg3 Rxe7 37. Rxd3 Kh8 38. Kh2 1/2-1/2

[Event "ZH-2017-0-01544"]
[Site "LSS email"]
[Date "2017.02.09"]
[Round "?"]
[White "Perez Pupo, Juan Rafael"]
[Black "Pupo Perez, Hector"]
[Result "1/2-1/2"]
[WhiteElo "2310"]
[BlackElo "2187"]
[PlyCount "70"]
[EventDate "2017.01.19"]
[EventType "match (corr)"]
[EventRounds "2"]
[EventCountry "GER"]
[SourceTitle "Corr 2022"]
[Source "ChessBase"]
[SourceDate "2021.10.24"]
[SourceVersion "1"]
[SourceVersionDate "2021.10.24"]
[SourceQuality "1"]

1. d4 Nf6 2. c4 g6 3. Nc3 d5 4. cxd5 Nxd5 5. e4 Nxc3 6. bxc3 Bg7 7. Nf3 c5 8. Be3 Qa5 9. Qd2 Nc6 10. Rb1 cxd4 11. cxd4 0-0 12. Qxa5 Nxa5 13. Bd3 Bg4 14. 0-0 b6 15. Rfd1 Rfc8 16. Rbc1 Rxc1 17. Rxc1 Rc8 18. Rxc8+ Bxc8 19. Kf1 e6 20. Bd2 Nc6 21. Bc3 Bb7 22. Ke2 Ne7 23. Ne5 f5 24. f3 fxe4 25. fxe4 Bxe5 26. dxe5 Kf7 27. Bb4 Bc6 28. Ke3 Ke8 29. Bd6 Kd7 30. Kf4 h6 31. Be2 g5+ 32. Ke3 Ng6 33. g3 Ba4 34. Kd4 Ne7 35. Ke3 Ng6 1/2-1/2

[Event "WC-2016-P-00013"]
[Site "LSS email"]
[Date "2016.01.22"]
[Round "?"]
[White "Perez Pupo, Juan Rafael"]
[Black "Kazimierski, Tomasz"]
[Result "1/2-1/2"]
[WhiteElo "2313"]
[BlackElo "2144"]
[PlyCount "63"]
[EventDate "2016.01.28"]
[EventType "tourn (corr)"]
[EventRounds "12"]
[EventCountry "GER"]
[SourceTitle "Corr 2022"]
[Source "ChessBase"]
[SourceDate "2021.10.24"]
[SourceVersion "1"]
[SourceVersionDate "2021.10.24"]
[SourceQuality "1"]

1. d4 Nf6 2. c4 e6 3. Nf3 b6 4. g3 Be7 5. Bg2 0-0 6. 0-0 Bb7 7. Re1 d5 8. cxd5 exd5 9. Nc3 Nbd7 10. Bf4 c6 11. Qc2 Nh5 12. Bd2 f5 13. Bh3 g6 14. Bh6 Rf7 15. e3 Bf8 16. Bxf8 Qxf8 17. Bg2 Qd6 18. Ne2 Nhf6 19. Rac1 Rc8 20. Qa4 a5 21. Nf4 Ne4 22. h4 h6 23. h5 g5 24. Ng6 c5 25. Qb3 c4 26. Qc2 b5 27. a3 Qe6 28. Nfe5 Nxe5 29. Nxe5 Rfc7 30. Bh3 g4 31. Bg2 Nf6 32. Qd2 1/2-1/2

[Event "WC-2016-P-00013"]
[Site "LSS email"]
[Date "2016.01.22"]
[Round "?"]
[White "Perez Pupo, Juan Rafael"]
[Black "Kele, Karoly"]
[Result "1/2-1/2"]
[WhiteElo "2313"]
[BlackElo "2067"]
[PlyCount "60"]
[EventDate "2016.01.28"]
[EventType "tourn (corr)"]
[EventRounds "12"]
[EventCountry "GER"]
[SourceTitle "Corr 2022"]
[Source "ChessBase"]
[SourceDate "2021.10.24"]
[SourceVersion "1"]
[SourceVersionDate "2021.10.24"]
[SourceQuality "1"]

1. d4 Nf6 2. c4 e6 3. Nf3 b6 4. g3 Ba6 5. b3 Bb4+ 6. Bd2 Be7 7. Bg2 c6 8. Bc3 d5 9. Ne5 Nfd7 10. Nxd7 Nxd7 11. Nd2 0-0 12. 0-0 Rc8 13. Re1 f5 14. a4 Nf6 15. a5 b5 16. c5 Ne4 17. Nxe4 dxe4 18. b4 Bg5 19. e3 Rc7 20. f3 exf3 21. Qxf3 Bb7 22. Rf1 a6 23. e4 Rcf7 24. Rad1 f4 25. Qe2 fxg3 26. hxg3 Rxf1+ 27. Rxf1 Rxf1+ 28. Kxf1 Qf6+ 29. Ke1 Qg6 30. Kf2 Qf6+ 1/2-1/2

[Event "SA-2013-0-00379"]
[Site "LSS email"]
[Date "2013.11.21"]
[Round "?"]
[White "Sorcinelli, Andrea"]
[Black "Perez Pupo, Juan Rafael"]
[Result "1/2-1/2"]
[WhiteElo "2009"]
[BlackElo "2316"]
[PlyCount "56"]
[EventDate "2013.11.10"]
[EventType "tourn (corr)"]
[EventRounds "6"]
[EventCountry "GER"]
[SourceTitle "Corr 2022"]
[Source "ChessBase"]
[SourceDate "2021.10.24"]
[SourceVersion "1"]
[SourceVersionDate "2021.10.24"]
[SourceQuality "1"]

1. e4 c6 2. d4 d5 3. e5 Bf5 4. h4 h5 5. c4 e6 6. Nc3 Ne7 7. Bg5 dxc4 8. Bxc4 Nd7 9. Nge2 f6 10. exf6 gxf6 11. Bd2 Nb6 12. Bb3 Qd7 13. Ng3 Qxd4 14. Qe2 Qe5 15. Qxe5 fxe5 16. Bg5 Nbd5 17. 0-0 Bh6 18. Nxf5 Nxf5 19. Rfe1 Bg7 20. Ne4 b6 21. a4 a5 22. Nd2 Nd6 23. Nc4 Nxc4 24. Bxc4 Kd7 25. Re2 Raf8 26. Rae1 Rf7 27. g3 Rg8 28. Kg2 Rgf8 1/2-1/2

[Event "CP-2013-P-00014"]
[Site "LSS email"]
[Date "2013.09.30"]
[Round "?"]
[White "Perez Pupo, Juan Rafael"]
[Black "Murphy, Jones"]
[Result "1-0"]
[WhiteElo "2184"]
[BlackElo "1408"]
[PlyCount "45"]
[EventDate "2013.10.01"]
[EventType "tourn (corr)"]
[EventRounds "6"]
[EventCountry "GER"]
[SourceTitle "Telechess CBM 167"]
[Source "ChessBase"]
[SourceDate "2015.07.13"]
[SourceVersion "1"]
[SourceVersionDate "2015.07.13"]
[SourceQuality "1"]

1. d4 Nf6 2. c4 e6 3. Nf3 b6 4. g3 Ba6 5. b3 Bb4+ 6. Bd2 Be7 7. Bg2 c6 8. Bc3 d5 9. Nbd2 Nbd7 10. Qc2 0-0 11. e4 dxc4 12. bxc4 c5 13. d5 exd5 14. exd5 Re8 15. 0-0 Qc7 16. Rfe1 Bd6 17. Ne4 Nxe4 18. Rxe4 Ne5 19. Nxe5 Bxe5 20. Rae1 f6 21. f4 Bd4+ 22. Bxd4 cxd4 23. Rxe8+ 1-0

[Event "CP-2013-P-00014"]
[Site "LSS email"]
[Date "2013.09.30"]
[Round "?"]
[White "Perez Pupo, Juan Rafael"]
[Black "Nilsson, Bjoern"]
[Result "1-0"]
[WhiteElo "2184"]
[BlackElo "495"]
[PlyCount "45"]
[EventDate "2013.10.01"]
[EventType "tourn (corr)"]
[EventRounds "6"]
[EventCountry "GER"]
[SourceTitle "Telechess CBM 167"]
[Source "ChessBase"]
[SourceDate "2015.07.13"]
[SourceVersion "1"]
[SourceVersionDate "2015.07.13"]
[SourceQuality "1"]

1. d4 d5 2. Nf3 Nc6 3. c4 Nf6 4. cxd5 e6 5. dxc6 bxc6 6. Qc2 g6 7. e4 h6 8. Ne5 Ng8 9. Qxc6+ Ke7 10. Qxa8 Nf6 11. Nc6+ Kd7 12. Nxd8 Kxd8 13. Ba6 Nd7 14. Qxc8+ Ke7 15. Bb5 Nb6 16. Qxc7+ Kf6 17. Qe5+ Ke7 18. Bd2 Rg8 19. Bb4+ Kd8 20. Qb8+ Nc8 21. Ba5+ Ke7 22. e5 g5 23. Qc7# 1-0

[Event "BI-2013-P-00026"]
[Site "LSS email"]
[Date "2013.04.23"]
[Round "?"]
[White "Perez Pupo, Juan Rafael"]
[Black "Nielsen, Bjarne"]
[Result "1-0"]
[WhiteElo "2184"]
[BlackElo "1908"]
[PlyCount "83"]
[EventDate "2013.04.25"]
[EventType "tourn (corr)"]
[EventRounds "10"]
[EventCountry "GER"]
[SourceTitle "Telechess CBM 167"]
[Source "ChessBase"]
[SourceDate "2015.07.13"]
[SourceVersion "1"]
[SourceVersionDate "2015.07.13"]
[SourceQuality "1"]

1. d4 d5 2. c4 e6 3. Nc3 Be7 4. cxd5 exd5 5. Bf4 c6 6. e3 Bf5 7. g4 Be6 8. h4 Nd7 9. h5 Nh6 10. Be2 Nb6 11. Nh3 g5 12. hxg6 hxg6 13. f3 Bh4+ 14. Kd2 g5 15. Bh2 f5 16. gxf5 Nxf5 17. Bd3 Qe7 18. Qe2 Qb4 19. Kc2 0-0-0 20. Rag1 Qxd4 21. exd4 Nxd4+ 22. Kb1 Nxe2 23. Nxe2 Bxh3 24. Be5 Rhe8 25. Rxh3 Rxe5 26. f4 gxf4 27. Rxh4 f3 28. Nc1 Rf8 29. Rg7 Nd7 30. Rhh7 Nf6 31. Rc7+ Kd8 32. Rhg7 Rg5 33. Rge7 Re5 34. Rxb7 Rxe7 35. Rb8+ Kd7 36. Rxf8 Re6 37. Bf5 Ke7 38. Bxe6 Kxf8 39. Kc2 Ke7 40. Bh3 Ne4 41. Nb3 Nf2 42. Bf5 1-0

[Event "SM-2012-0-00230"]
[Site "LSS email"]
[Date "2012.12.10"]
[Round "?"]
[White "Perez Pupo, Juan Rafael"]
[Black "Nemec, Zdenek"]
[Result "1/2-1/2"]
[WhiteElo "2182"]
[BlackElo "2161"]
[PlyCount "49"]
[EventDate "2012.11.05"]
[EventType "tourn (corr)"]
[EventRounds "6"]
[EventCountry "GER"]
[SourceTitle "Telechess CBM 163"]
[Source "ChessBase"]
[SourceDate "2014.11.11"]
[SourceVersion "2"]
[SourceVersionDate "2014.11.11"]
[SourceQuality "1"]

1. d4 d5 2. c4 c6 3. Nf3 Nf6 4. Nc3 a6 5. e3 b5 6. b3 Bg4 7. Be2 Nbd7 8. 0-0 e6 9. h3 Bh5 10. Bb2 Bd6 11. Ne5 Bxe2 12. Nxe2 bxc4 13. bxc4 0-0 14. Rc1 Qb8 15. Nxd7 Nxd7 16. Rb1 Qa7 17. c5 Bc7 18. Qa4 Rac8 19. Nc3 a5 20. e4 Rfd8 21. Ba1 Qa6 22. g3 h6 23. Kg2 Nf8 24. Qc2 Rb8 25. Rxb8 1/2-1/2

[Event "SM-2012-0-00230"]
[Site "LSS email"]
[Date "2012.12.09"]
[Round "?"]
[White "Pascual Perez, Norge"]
[Black "Perez Pupo, Juan Rafael"]
[Result "1/2-1/2"]
[WhiteElo "2260"]
[BlackElo "2182"]
[PlyCount "64"]
[EventDate "2012.11.05"]
[EventType "tourn (corr)"]
[EventRounds "6"]
[EventCountry "GER"]
[SourceTitle "Telechess CBM 163"]
[Source "ChessBase"]
[SourceDate "2014.11.11"]
[SourceVersion "2"]
[SourceVersionDate "2014.11.11"]
[SourceQuality "1"]

1. e4 c6 2. d4 d5 3. e5 Bf5 4. c4 e6 5. Nc3 Ne7 6. a3 Nd7 7. c5 Bg6 8. Bd3 b6 9. b4 a5 10. Rb1 Nf5 11. Nce2 axb4 12. axb4 f6 13. exf6 bxc5 14. dxc5 gxf6 15. Nf4 Ne5 16. Bc2 Qb8 17. Nge2 Ra2 18. Nxg6 hxg6 19. h3 Kf7 20. Rb3 Ra4 21. Bd2 Nc4 22. 0-0 e5 23. b5 Qb7 24. bxc6 Qxc6 25. Bb4 Rxb4 26. Rxb4 Bxc5 27. Ba4 Qa8 28. Rb1 Kg7 29. Bb5 Nfd6 30. Ra1 Qb7 31. Bxc4 dxc4 32. Qa4 Qc8 1/2-1/2